Villes d'Ile-de-France - Mort subite - Statistiques

Statistiques générales
  • Ce quiz a été pris 4 182 fois
    4 135 depuis la dernière actualisation
  • Le résultat moyen est 8 sur 14
Answers on the Grid
Answers color-coded by a green-red scale on the quiz's grid according to % correct below.
Versailles
Viry-Chatillon
Garges-lès-Gonesse
Saint-Denis
Mantes-la-Jolie
Savigny-sur-Orge
Levallois-Perret
Boulogne-Billancourt
Nanterre
Antony
Melun
Bondy
Courbevoie
Ris-Orangis
Giverny
Vernon
Chartres
Montargis
Beauvais
Chantilly
Creil
Romilly-sur-Seine
Vervins
Compiègne
Sens
Villeurbanne
 
Statistiques - réponses
Réponse % Correct
Versailles
65%
Nanterre
64%
Saint-Denis
64%
Bondy
63%
Boulogne-Billancourt
61%
Mantes-la-Jolie
60%
Levallois-Perret
58%
Antony
57%
Melun
55%
Courbevoie
53%
Viry-Chatillon
47%
Garges-lès-Gonesse
42%
Ris-Orangis
40%
Savigny-sur-Orge
38%
Aucun quiz correspondant
Distribution des résultats
% des personnes avec chaque résultat
Percentile par nombre de réponses
Votre historique - résultats
Vous n’avez pas pris ce quiz depuis la dernière actualisation